LIBRARY & INFORMATION CENTRE, KCAET, TAVANUR

ONLINE PUBLIC ACCESS CATALOGUE (OPAC)

Design of steel and timber structure / (Record no. 3193)

MARC details
000 -LEADER
fixed length control field 00406cam a2200157ua 4500
003 - CONTROL NUMBER IDENTIFIER
control field OSt
008 - FIXED-LENGTH DATA ELEMENTS--GENERAL INFORMATION
fixed length control field 250802b |||||||| |||| 00| 0 eng d
041 ## - LANGUAGE CODE
Language code of text/sound track or separate title eng
082 ## - DEWEY DECIMAL CLASSIFICATION NUMBER
Classification number 624.184
Item number DHA/DE
100 ## - MAIN ENTRY--AUTHOR NAME
Personal name Dharmdhikari, D S .
245 ## - TITLE STATEMENT
Title Design of steel and timber structure /
260 ## - PUBLICATION, DISTRIBUTION, ETC. (IMPRINT)
Place of publication :
Name of publisher J K Publishing house ,
Year of publication 1985.
300 ## - PHYSICAL DESCRIPTION
Number of Pages 347 ; .
700 1# - ADDED ENTRY--PERSONAL NAME
Personal name Dhoble, R K .
942 ## - ADDED ENTRY ELEMENTS (KOHA)
Koha item type Books
Holdings
Withdrawn status Lost status Damaged status Home library Current library Date acquired Full call number Accession Number Koha item type
      KAUAET KAUAET 09/03/1987 624.184 DHA/DE 15989 Books
free website counter